000 00552cam a22002171 4500
001 sa 64006374
003 DLC
005 20260227112039.0
008 890810s1963 ii 000 0 beno
010 _asa 64006374
035 _a(OCoLC)20156515
040 _aDLC
_cWaU
_dDLC
042 _apremarc
050 0 0 _aBL1265.R3
_bT3
100 1 _aTagore, Saumyendranath.
245 1 0 _aBhāratera śilpa-biplaba o Rāmamohana.
260 _c[1963]
300 _a117 p.
_c23 cm.
500 _aIn Bengali.
600 0 0 _aRammohun Roy,
_cRaja,
_d1772?-1833.
999 _c59649
_d59649